| 000 | 01862cab a2200481 4500 | ||
|---|---|---|---|
| 001 | ABS52274 | ||
| 008 | 090401t1995 xxu||||| |||| 00| 0 eng d | ||
| 035 | _a(Sirsi) u70030 | ||
| 041 | _aeng | ||
| 100 | _aRowan-Robinson, J. | ||
| 245 | _aCompensation for the compulsory acquisition of business interests: satisfaction or sacrifice | ||
| 260 | _c1995 | ||
| 350 | _a0 | ||
| 490 |
_aJournal of Property Valuation and Investment _v13(1) 1995, 44-65(22) |
||
| 520 | _aExamines the purpose of compensation for compulsory acquisition using the distinction between "pretium" and "compensatio". Reports on the findings of a study by the authors of compensation settlements for business loss following a city centre redevelopment, and goes on to suggest that a number of changes to the compensation arrangement should be considered to alleviate hardship for claimants. | ||
| 650 | _aADVANCE PAYMENTS | ||
| 650 | _aBANK CHARGES | ||
| 650 | _aBLIGHT | ||
| 650 | _aCAPITAL GAINS TAX | ||
| 650 | _aCASE STUDIES | ||
| 650 | _aCITY CENTRE REDEVELOPMENT | ||
| 650 | _aCOMPENSATIO | ||
| 650 | _aCOMPENSATION | ||
| 650 |
_aCompulsory purchase _96228 |
||
| 650 | _aDELAY | ||
| 650 | _aEMSLIE AND SIMPSON LTD V ABERDEEN DC | ||
| 650 | _aLAND COMPENSATION (SCOTLAND) ACT 1963 | ||
| 650 | _aLAND COMPENSATION ACT 1961 | ||
| 650 | _aLANDS TRIBUNAL FOR SCOTLAND | ||
| 650 | _aLEASES | ||
| 650 | _aNEGOTIATION PROCESS | ||
| 650 | _aPRETIUM | ||
| 650 | _aREDEVELOPMENT CLAUSES | ||
| 650 | _aRESEARCH | ||
| 650 | _aRYDE'S SCALE | ||
| 650 | _aSCOTT COMMITTEE | ||
| 650 | _aTOTAL EXTINGUISHMENT | ||
| 650 | _aVENABLES V DEPARTMENT OF AGRICULTURE FOR SCOTLAND | ||
| 690 | _aENVIRONMENTAL AND LAND CONSULTANCY-PLANNING AND DEVELOPMENT-COMPULSORY PURCHASE AND COMPENSATION | ||
| 700 | _aHutchison, N. | ||
| 942 | _n0 | ||
| 948 | _c04/03/1997 | ||
| 999 |
_c44050 _d44050 |
||